[Event "Barranquilla Carnaval Cup"]
[Site "Barranquilla"]
[Date "2024.02.07"]
[Round "9"]
[White "Ladron De Guevara Mendez, Lorena"]
[Black "Lara Daguer, Nestor Eduardo"]
[Result "1-0"]
[WhiteElo "1366"]
[BlackElo "1318"]
[PlyCount "57"]
[EventDate "2024.02.03"]
[EventType "swiss"]
[EventRounds "9"]
[EventCountry "COL"]
[SourceTitle "CB07_2024"]
[SourceDate "2024.02.14"]
[SourceVersion "1"]
[SourceVersionDate "2024.02.14"]
[SourceQuality "1"]

1. e4 e6 2. d4 d5 3. e5 c5 4. c3 Qb6 5. Nf3 Nc6 6. dxc5 Bxc5 7. Qc2 Nge7 8. b4 Nxb4 9. cxb4 Bxb4+ 10. Bd2 Bd7 11. Bxb4 Qxb4+ 12. Qd2 Qe4+ 13. Be2 Bc6 14. Nc3 Qg6 15. 0-0 h5 16. Nb5 Bxb5 17. Bxb5+ Nc6 18. Nd4 Rc8 19. Rac1 Kd7 20. Qb4 Rhd8 21. Qa4 h4 22. Nxc6 bxc6 23. Bxc6+ Rxc6 24. Qxc6+ Ke7 25. Qb7+ Ke8 26. h3 f5 27. Rc8 f4 28. Rxd8+ Kxd8 29. Rc1 1-0

[Event "COL-ch"]
[Site "Cartagena"]
[Date "2023.06.10"]
[Round "6"]
[White "Turizo Florez, Joseph"]
[Black "Lara Daguer, Nestor Eduardo"]
[Result "1/2-1/2"]
[WhiteElo "1107"]
[BlackElo "1233"]
[PlyCount "81"]
[EventDate "2023.06.08"]
[EventType "swiss"]
[EventRounds "9"]
[EventCountry "COL"]
[SourceTitle "CBM 215 Extra"]
[Source "ChessBase"]
[SourceDate "2023.09.30"]
[SourceVersion "1"]
[SourceVersionDate "2023.09.30"]
[SourceQuality "1"]

1. e4 e6 2. d4 d5 3. exd5 exd5 4. Nf3 c5 5. b3 Nc6 6. Bb5 Bd7 7. 0-0 a6 8. Re1+ Be7 9. c4 axb5 10. cxd5 Nxd4 11. d6 Bg4 12. dxe7 Nxe7 13. Nbd2 Nxf3+ 14. gxf3 Qd4 15. Ba3 Bxf3 16. Nxf3 Qxd1 17. Rexd1 Rxa3 18. Ne5 0-0 19. Nd7 Re8 20. Re1 c4 21. Re3 cxb3 22. Rxb3 Rxb3 23. axb3 Rd8 24. Nc5 b6 25. Nb7 Re8 26. Re1 Kf8 27. Nd6 Rd8 28. Nxb5 Rd3 29. b4 Nc6 30. Re4 Rb3 31. Nd6 g6 32. b5 Ne7 33. Ra4 Kg7 34. Ra6 Nd5 35. Ra7 Rf3 36. Ne8+ Kh6 37. Nd6 Kg7 38. Ra8 Nf6 39. Ra6 Nd5 40. Ra8 Kh6 41. Ra7 1/2-1/2